[Event "Budapest Spring Festival 2018"]
[Site "Budapest"]
[Date "2018.04.25"]
[Round "8"]
[White "Veinberg, Nimrod"]
[Black "Nagy, Gabor"]
[Result "1/2-1/2"]
[WhiteElo "2368"]
[BlackElo "2481"]
[Annotator "TA"]
[PlyCount "64"]
[EventDate "2018.??.??"]
[EventType "swiss"]
[EventCountry "HUN"]
[SourceTitle "playchess.com"]
[Source "ChessBase"]
[SourceQuality "1"]

{[%evp 29,64,42,47,12,20,5,5,5,5,8,4,5,6,6,6,4,5,4,6,6,6,4,2,0,0,0,7,7,7,7,10,0,0,0,0,5,4]} 1. d4 Nf6 2. c4 e6 3. g3 c5 4. Nf3 cxd4 5. Nxd4 d5 6. Bg2 e5 7. Nf3 d4 8. O-O Nc6 9. e3 Bc5 10. exd4 exd4 11. Re1+ Be6 12. Ng5 O-O 13. Nxe6 fxe6 14. Nd2 Qb6 15. Nb3 {E01: Catalan: Early deviations} Rae8 {LiveBook: 3 Games} (15... Rad8 16. Rxe6 d3 17. Be3 Bxe3 18. Rxe3 Nb4 19. c5 Qa6 20. Bf1 Qc4 21. Rc1 Qf7 22. Nd2 Qxa2 23. Nc4 Rd4 24. Ne5 Qxb2 25. Nxd3 Qa3 {½-½ (25) Nielsen,P (2646)-Nisipeanu,L (2695) Turin 2006}) 16. Bf4 $146 ({Predecessor:} 16. Bg5 e5 17. a3 a5 18. Rc1 Kh8 19. h3 h6 20. Bxf6 Rxf6 21. Nxc5 Qxc5 22. Qd3 Ref8 23. Rc2 Nd8 24. Rce2 Nf7 25. h4 e4 26. Rxe4 Nd6 27. R4e2 Qxc4 {1-0 (27) Vallin,G (2415)-Petitcunot,P (2397) France 2009}) 16... e5 {The position is equal.} 17. Bxc6 Qxc6 18. Rxe5 Rxe5 19. Bxe5 d3 $1 20. Qxd3 Bxf2+ $1 ({Don't go for} 20... Ng4 $2 21. Nxc5 Nxe5 22. Qd5+ Qxd5 23. cxd5 $18) 21. Kxf2 Ng4+ 22. Kg1 Nxe5 23. Qd5+ Qxd5 24. cxd5 $11 {[%mdl 4096] Endgame KRN-KRN} Rd8 25. Rd1 b6 26. Kf2 Ng4+ 27. Kf3 Nf6 28. d6 Ne8 29. d7 Nf6 30. Rd4 Kf7 31. Nd2 Rxd7 32. Rxd7+ Nxd7 1/2-1/2

[Event "Budapest Spring Festival 2018"]
[Site "Budapest"]
[Date "2018.04.25"]
[Round "8"]
[White "Anand Nadar"]
[Black "Christiansen, Johan-Sebastian"]
[Result "1/2-1/2"]
[WhiteElo "2359"]
[BlackElo "2498"]
[Annotator "TA"]
[PlyCount "60"]
[EventDate "2018.??.??"]
[EventType "swiss"]
[EventCountry "HUN"]
[SourceTitle "playchess.com"]
[Source "ChessBase"]
[SourceQuality "1"]

{[%evp 15,60,14,18,-79,-86,-86,-84,-80,-67,-148,-88,-81,-75,-147,-147,-152,-154,-138,-144,-140,-145,-135,-85,-95,-97,-96,-88,-105,-92,-90,-93,-102,-83,-76,0,0,0,0,0,0,0,0,0,0,0,0,0]} 1. d4 Nf6 2. Bf4 c5 3. e3 d5 4. c3 Nc6 5. Nd2 Bf5 6. Ngf3 {D00: 1 d4 d5: Unusual lines} cxd4 7. exd4 e6 8. Qb3 Bd6 {LiveBook: 21 Games} 9. Ne5 $146 (9. Qxb7 $11 {remains equal.} O-O 10. Be5) ({Predecessor:} 9. Bg3 O-O 10. Be2 Rb8 11. a4 h6 12. O-O Bxg3 13. hxg3 {½-½ (56) Naiditsch,A (2705)-Riazantsev,A (2650) Riadh 2017}) 9... Qc7 10. Ndf3 O-O 11. Be2 Ne4 {White must now prevent ...Na5.} 12. O-O (12. g3 $15) 12... Na5 (12... a5 $142 {...f6 is the strong threat.} 13. Nh4 a4) 13. Qa4 $17 a6 14. Nd3 ({White should play} 14. Bc1) 14... Bxf4 15. Nxf4 {[#]} b5 $1 {[%cal Rb5a4]} ({Don't do} 15... Qxf4 16. Qxa5 Bg4 17. Rfe1 $15) 16. Qa3 Nc4 ({Much less strong is} 16... Qxf4 17. Qxa5 Bg4 18. Rfd1 $15) 17. Bxc4 bxc4 ({Don't play} 17... Qxf4 18. Be2 $15) 18. g3 Rfb8 19. Nh4 Rb5 {Hoping for ...Ra5.} 20. Nxf5 exf5 21. b4 cxb3 $1 22. axb3 Qxc3 {Strongly threatening ...g5.} 23. Rfc1 Qxd4 {[#]} 24. Qxa6 $1 {[%mdl 512] [#]} Qxf2+ (24... Qxa1 $1 $17 25. Qxa1 Rxa1 26. Rxa1 g6) (24... Rxa6 25. Rc8#) 25. Kh1 $11 {The position is equal.} Qf3+ 26. Ng2 Nf2+ 27. Kg1 Nh3+ 28. Kh1 Rbb8 29. Qxa8 {[%cal Ra8b8]} Nf2+ 30. Kg1 {[%cal Ra8b8]} Nh3+ {Precision: White = 59%, Black = 70%.} 1/2-1/2

[Event "Budapest Spring Festival 2018"]
[Site "Budapest"]
[Date "2018.04.25"]
[Round "8"]
[White "Nguyen, Van Thanh"]
[Black "Bryzgalin, Kirill"]
[Result "1/2-1/2"]
[WhiteElo "2352"]
[BlackElo "2440"]
[Annotator "TA"]
[PlyCount "84"]
[EventDate "2018.??.??"]
[EventType "swiss"]
[EventCountry "HUN"]
[SourceTitle "playchess.com"]
[Source "ChessBase"]
[SourceQuality "1"]

{[%evp 22,84,0,-35,-37,-41,-40,-32,-36,-47,-51,-52,-63,-58,-60,-65,-67,-92,-63,-69,-73,-83,-77,-64,-64,-79,-51,-51,-41,-41,-53,-58,-52,-62,-27,-43,-25,-20,-24,-24,-7,-29,-30,-62,-66,-133,-130,-145,-128,-126,-87,-77,-12,-19,-16,-8,0,0,0,0,0,0,0,0,0]} 1. d4 d5 2. Nf3 c6 3. c4 Nf6 4. Qc2 g6 5. Bf4 Bg7 6. e3 O-O 7. Nc3 Bf5 8. Qb3 Qb6 9. Qxb6 {D93: Grünfeld: 4 Nf3 Bg7 5 Bf4 0-0 6 e3} axb6 10. cxd5 Nxd5 11. Nxd5 cxd5 12. Kd2 {LiveBook: 3 Games} Rc8 13. Bd3 Bxd3 14. Kxd3 Nc6 15. a3 f6 16. Bg3 e5 {[#] Strongly threatening ...e4+.} 17. Nd2 $146 exd4 18. exd4 Ra4 19. Nf3 $1 Bh6 20. b3 Ra6 21. Bd6 b5 {Threatens to win with ...Na5.} 22. Bc5 Kf7 23. Rhe1 Rca8 24. Rab1 b6 25. Bd6 Rd8 26. Bb4 $1 Nxb4+ 27. axb4 Ra2 28. Re2 Rxe2 29. Kxe2 $15 {[%mdl 4096] Endgame KRB-KRN} Ra8 30. Rb2 $1 Ke6 31. Rc2 Kd7 32. Kd3 Ra1 33. g4 {[#]} ({Better is} 33. Re2 $15) 33... Bf4 $1 $17 34. h4 Rb1 35. Kc3 h6 36. Ra2 g5 (36... h5 $17 37. gxh5 gxh5) 37. h5 $11 {The position is equal.} Rc1+ 38. Kd3 Bc7 39. Ra8 Bd8 40. Ra7+ Bc7 41. Ra8 Bd8 42. Ra7+ Bc7 {Precision: White = 63%, Black = 71%.} 1/2-1/2

[Event "Budapest Spring Festival 2018"]
[Site "Budapest"]
[Date "2018.04.25"]
[Round "8"]
[White "Rudolf, Michal"]
[Black "Golubka, Petro"]
[Result "1/2-1/2"]
[WhiteElo "2349"]
[BlackElo "2509"]
[Annotator "TA"]
[PlyCount "91"]
[EventDate "2018.??.??"]
[EventType "swiss"]
[EventCountry "HUN"]
[SourceTitle "playchess.com"]
[Source "ChessBase"]
[SourceQuality "1"]

{[%evp 19,91,-3,-4,-9,-9,0,12,15,12,21,19,-14,0,0,0,-17,-7,-14,0,-22,26,29,46,45,55,53,63,-23,-34,-45,23,20,136,30,64,36,51,39,38,39,31,21,32,27,27,31,22,31,44,37,31,46,45,43,40,37,112,0,0,0,8,13,14,0,29,0,0,0,0,0,0,0,0,0]} 1. e4 c5 2. Nf3 d6 3. Bb5+ Nd7 4. d4 cxd4 5. Qxd4 e5 6. Qd3 h6 7. O-O Ngf6 8. Nc3 a6 {B51: Sicilian: Moscow Variation (3 Bb5+) without 3...Bd7} 9. Bxd7+ Bxd7 10. Be3 (10. Nd2 b5 11. a4 Rb8 12. Rd1 Be7 13. axb5 axb5 14. Nf1 b4 15. Nd5 Nxd5 16. Qxd5 {½-½ (31) Anand,V (2816)-Topalov,V (2816) Saint Louis 2015}) 10... Be7 {LiveBook: 4 Games} 11. Nd2 b5 12. a4 {[%cal Ra4b5]} Rb8 13. axb5 axb5 14. b4 $146 ({Predecessor:} 14. Rfd1 O-O 15. Nb3 b4 16. Nd5 Nxd5 17. Qxd5 {0-1 (44) Kreslawski,R (2207)-Kohlweyer,B (2391) Ruhrgebiet 2004}) 14... O-O 15. Ra5 Bc6 16. Nd5 Re8 17. Nb1 Bxd5 18. exd5 e4 19. Qd4 Ng4 20. Qxe4 h5 21. Qf3 $36 {[%mdl 2048] White is pushing.} Bf6 {[%cal Be7f6,Bf6d4,Bd4f2][%mdl 32]} 22. Bf4 Bd4 23. c3 (23. Bg3 $14) 23... Bxf2+ $1 $11 24. Kh1 $1 Qf6 ({Better is} 24... Qh4 $15 25. h3 (25. Bxd6 Rbd8 $15) 25... g5) 25. h3 Qh4 {[#]} (25... Bb6 $11 26. hxg4 hxg4 27. Qxg4 Bxa5 28. bxa5 Ra8) 26. Ra2 ({Stronger than} 26. Bxd6 Re3 $15) (26. Na3 $1 $16) 26... g5 27. Bxd6 Re3 28. Raxf2 ({And not} 28. Nd2 Rd8 $17) 28... Nxf2+ 29. Qxf2 Qxf2 30. Rxf2 Rd8 31. Bc7 Rd7 32. d6 Re1+ 33. Kh2 Rxb1 $14 {[%mdl 4096] Endgame KRR-KRB} 34. Rf5 f6 35. Rxf6 Kg7 36. Rf5 $1 {[%csl LRb5,LRg5]} Kg6 37. Rxb5 h4 ({Black should try} 37... Rc1 $14) 38. g4 (38. Rd5 $16) 38... hxg3+ $11 39. Kxg3 Rc1 40. Rc5 {Black should prevent Kf2.} Rf7 41. Bd8 Rg1+ 42. Kh2 Rff1 {The position is equal.} 43. Rd5 {[#] Threatens to win with Bb6.} Rh1+ 44. Kg2 Rhg1+ 45. Kh2 {Black must now prevent Bb6.} Rh1+ 46. Kg2 {Precision: White = 59%, Black = 54%.} 1/2-1/2

[Event "Budapest Spring Festival 2018"]
[Site "Budapest"]
[Date "2018.04.25"]
[Round "8"]
[White "Karpus, Michal"]
[Black "Toth, Ervin"]
[Result "1-0"]
[WhiteElo "2342"]
[BlackElo "2427"]
[Annotator "TA"]
[PlyCount "83"]
[EventDate "2018.??.??"]
[EventType "swiss"]
[EventCountry "HUN"]
[SourceTitle "playchess.com"]
[Source "ChessBase"]
[SourceQuality "1"]

{[%evp 20,83,18,15,23,6,43,40,50,51,93,93,95,0,65,0,117,115,223,238,372,357,365,371,354,364,364,364,367,364,358,340,358,347,354,239,233,187,187,179,183,152,175,172,181,169,166,166,602,93,127,126,224,217,226,176,233,224,339,331,504,498,649,644,752,736]} 1. e4 e6 2. d4 d5 3. Nd2 Be7 4. Bd3 c5 5. dxc5 Nf6 6. Qe2 a5 {C03: French Tarrasch: Unusual Black 3rd moves} 7. Ngf3 Na6 8. O-O O-O 9. e5 Nd7 10. c4 (10. c3 Naxc5 11. Bb5 f6 12. exf6 Bxf6 13. Nb3 Nxb3 14. axb3 e5 15. Bxd7 Bxd7 16. Nxe5 {1-0 (45) Zhigalko,S (2652)-Shirov,A (2673) Baku 2016}) 10... Ndxc5 11. Bb1 {LiveBook: 35 Games} b6 12. Rd1 Nb4 13. Nd4 {Hoping for a3.} dxc4 14. Nxc4 Qc7 $146 ({Predecessor:} 14... Ba6) 15. Nb5 Qc6 16. Nd4 Qc7 $1 17. Nb5 (17. a3 $14 Nd5 18. Qg4) 17... Qb8 (17... Qc6 $11 18. Nd4 Qc7) 18. Qg4 $40 {[%mdl 128] White wants a kill.} f5 (18... g6 $16) 19. exf6 $1 $18 Bxf6 (19... Rxf6 {was called for.} 20. Bg5 (20. Ncd6 Nd5 $16) 20... Nd5 21. Bxf6 Nxf6) 20. Qh5 g6 {[#]} 21. Bxg6 $1 {[%mdl 512]} hxg6 22. Qxg6+ Bg7 {[#]} 23. Bh6 $1 {[%csl Gh6][%cal Rg6g7]} Ra7 24. Nxa7 Qxa7 {[#]} 25. Nxb6 $1 {[%mdl 512] White threatens Nd7! and mate.} Qf7 (25... Qxb6 26. Qxg7#) 26. Qxf7+ Kxf7 27. Bxg7 Kxg7 28. Rac1 Nbd3 29. Rxd3 Nxd3 30. Rc7+ Kg6 31. Rxc8 Rxf2 {[%mdl 4096] Endgame KRN-KRN} 32. Nc4 {And now Ne5+! would win.} Re2 {[%cal Re2e1]} 33. h3 Nxb2 $2 (33... e5 34. a4 e4) 34. Nxa5 $2 (34. Kf1 $18 {and the rest is easy.} Re4 35. Nxb2) 34... Nd1 35. a3 Re1+ (35... Ne3 $16 {was necessary.}) 36. Kh2 Ne3 37. g4 Re2+ (37... Nf1+ $142 38. Kg2 Nd2) 38. Kg3 Nf1+ (38... Rg2+ {keeps fighting.} 39. Kh4 Ra2) 39. Kh4 Re3 (39... Nd2 $142 40. Nc4 Nxc4) 40. Nc4 {White is clearly winning.} Rb3 41. Rf8 Nh2 42. Rf2 {Precision: White = 73%, Black = 35%.} 1-0

[Event "Budapest Spring Festival 2018"]
[Site "Budapest"]
[Date "2018.04.25"]
[Round "8"]
[White "Apaydin, Fethi"]
[Black "Repka, Christopher"]
[Result "0-1"]
[WhiteElo "2337"]
[BlackElo "2521"]
[Annotator "TA"]
[PlyCount "74"]
[EventDate "2018.??.??"]
[EventType "swiss"]
[EventCountry "HUN"]
[SourceTitle "playchess.com"]
[Source "ChessBase"]
[SourceQuality "1"]

{[%evp 13,74,26,31,11,2,8,49,51,44,43,54,49,59,57,59,62,52,59,55,65,60,98,89,90,97,96,86,91,84,89,92,45,57,15,20,0,0,-7,0,-8,0,-18,-1,-15,-12,-11,-16,-18,-1,-64,-33,-18,-27,-41,-19,-47,-49,-77,-74,-466,-472,-495,-488]} 1. e4 e5 2. Nc3 Nf6 3. Bc4 Bc5 4. f4 Nc6 5. Nf3 d6 6. d3 Bg4 7. Na4 Bb6 {LiveBook: 36 Games. C30: King's Gambit Declined} (7... Bxf3 8. Qxf3 Nd4 9. Qd1 b5 10. fxe5 bxc4 11. exf6 Qxf6 12. Nxc5 dxc5 13. c3 Nc6 14. dxc4 Ne5 15. Be3 O-O 16. Qe2 Rad8 {0-1 (25) Ponomariov,R (2712)-Tomashevsky,E (2728) Huaian 2016}) 8. h3 Bxf3 9. Qxf3 Nd4 {The position is equal.} 10. Qf2 Ba5+ 11. c3 b5 12. O-O bxc4 13. cxd4 exd4 14. Qxd4 cxd3 15. e5 $146 Nd7 {[%cal Bf6d7,Bd7b6,Bb6d5][%mdl 32]} 16. exd6 {[#] Strongly threatening b4.} O-O 17. b4 Bb6 18. Nxb6 Nxb6 19. Bb2 {[%csl Gb2][%cal Rd4g7]} ({Much weaker is} 19. Qxd3 Qxd6 20. Qxd6 cxd6 $11) 19... f6 20. dxc7 Qxd4+ 21. Bxd4 Rfc8 22. Rac1 {Threatens to win with Rfd1.} Nd5 23. a3 Rxc7 24. Rxc7 Nxc7 $11 {[%mdl 4096] Endgame KRB-KRN} 25. Rd1 Rd8 26. Bxa7 {[#] And now Bb6 would win.} Nb5 $1 {[%cal Rb5a7]} 27. Bb6 Rd5 28. Be3 Nxa3 29. Kf2 Kf7 30. g4 g6 31. Bc5 ({White should play} 31. Rc1 $11) 31... Nc2 32. Rb1 f5 33. Be3 Ke6 34. b5 Na3 35. Ra1 Nxb5 {White must now prevent ...d2.} 36. Ra6+ $2 {[%mdl 8192]} (36. Bd2 $17 {is more resistant.}) 36... Rd6 $19 37. Ra2 Nc3 {Precision: White = 44%, Black = 69%.} 0-1

[Event "Budapest Spring Festival 2018"]
[Site "Budapest"]
[Date "2018.04.25"]
[Round "8"]
[White "Szieberth, Adam"]
[Black "Tica, Sven"]
[Result "0-1"]
[WhiteElo "2298"]
[BlackElo "2442"]
[Annotator "TA"]
[PlyCount "48"]
[EventDate "2018.??.??"]
[EventType "swiss"]
[EventCountry "HUN"]
[SourceTitle "playchess.com"]
[Source "ChessBase"]
[SourceQuality "1"]

{[%evp 11,48,-4,26,-33,-45,-66,-65,-65,-65,-78,-60,-50,-58,-102,-87,-119,-114,-105,-117,-164,-6,-256,-263,-345,-272,-516,-520,-523,-519,-527,-514,-516,-521,-717,-547,-697,-506,-498,-509]} 1. e4 c6 2. d4 d5 3. exd5 cxd5 4. Bf4 Nc6 5. c4 Nf6 6. Nc3 Be6 {LiveBook: 8 Games. B13: Caro-Kann: Exchange Variation and Panov-Botvinnik Attack} (6... e6 7. c5 Be7 8. Bb5 O-O 9. Nf3 Bd7 10. O-O Ne4 11. Qc2 a6 12. Bxc6 Bxc6 13. Ne5 Nxc3 14. bxc3 Bf6 15. Nxc6 bxc6 {½-½ (66) Ghaem Maghami,E (2556)-Sokolov,I (2626) Bandar e Anzali 2017}) 7. Nf3 (7. c5 $11) 7... dxc4 $15 8. Be2 g6 $146 {Black is slightly better.} ({Predecessor:} 8... Bd5 9. O-O e6 10. Ne5 Bd6 11. Nxc6 bxc6 12. Bxd6 Qxd6 13. Qa4 O-O 14. Bxc4 Bxc4 15. Qxc4 {0-1 (28) Tuz,M (2080)-Mellado Trivino,J (2433) Balaguer 2011}) 9. O-O Bg7 10. Ng5 Bd5 11. Nxd5 Nxd5 12. Be3 c3 13. Qb3 cxb2 14. Rab1 O-O ({But not} 14... Bxd4 $6 15. Bc4 $11) 15. Rxb2 Nxe3 $2 ({Better is} 15... Bxd4 $19 {Strongly threatening ...Na5.} 16. Rd2 Qa5 17. Rxd4 Nxe3) 16. fxe3 $2 {[#]} (16. Nxf7 $1 $11 Qd5 17. fxe3 Qxb3 18. Rxb3) 16... Nxd4 $1 $19 {[%mdl 512]} 17. Qa4 (17. exd4 Qxd4+) 17... Qd5 18. Bd1 $2 (18. Nf3 {is a better defense.} Nxe2+ 19. Rxe2) 18... b5 {Black is clearly winning.} 19. Qb4 a5 20. Qd2 Rad8 21. h4 h6 {[%cal Bh7h6,Bh6g5][%mdl 32]} 22. Kh1 hxg5 23. exd4 Qxd4 24. Qxd4 Rxd4 {Precision: White = 20%, Black = 50%.} (24... Bxd4 $2 25. Rxb5 gxh4 26. Rxa5 $19) 0-1

[Event "Budapest Spring Festival 2018"]
[Site "Budapest"]
[Date "2018.04.25"]
[Round "8"]
[White "Ilic, Zoran S"]
[Black "Hauge, Lars Oskar"]
[Result "0-1"]
[WhiteElo "2294"]
[BlackElo "2441"]
[Annotator "TA"]
[PlyCount "72"]
[EventDate "2018.??.??"]
[EventType "swiss"]
[EventCountry "HUN"]
[SourceTitle "playchess.com"]
[Source "ChessBase"]
[SourceQuality "1"]

{[%evp 22,72,0,0,0,2,8,6,11,15,17,0,0,-18,-20,-12,-9,-21,-16,-22,-22,-41,-25,-26,-26,-25,-32,-30,-20,-37,-33,-44,-50,-45,-45,-45,-45,-47,0,-18,-4,-179,-170,-450,-300,-308,-266,-612,0,-281,-164,-631,-631]} 1. d4 Nf6 2. Nf3 g6 3. g3 Bg7 4. c4 c5 5. Bg2 O-O 6. O-O d6 7. dxc5 dxc5 8. Nc3 Nc6 9. Be3 b6 {E65: King's Indian: Fianchetto: 6...c5 7 0-0 without d5 by White} (9... Be6 10. Qa4 Nd4 11. Rad1 Bd7 12. Qa3 Nc2 13. Qxc5 b6 14. Qg5 h6 15. Qf4 g5 16. Qe5 Rc8 17. Nd5 Nxd5 18. Qxd5 Nxe3 19. fxe3 {½-½ (46) Le,Q (2739)-Jumabayev,R (2602) Ashkhabad 2017}) 10. Qc1 Bb7 11. Rd1 Qc8 12. Bh6 {LiveBook: 4 Games} Qe6 13. Bxg7 $146 ({Predecessor:} 13. Nd5 Rad8 14. Bxg7 Kxg7 15. Qc3 Kg8 16. Ng5 Qxe2 17. Rd2 Nxd5 18. cxd5 {1-0 (48) Shankland,S (2632)-Rambaldi,F (2444) Biel 2014}) 13... Kxg7 14. b3 Rad8 15. Qb2 Kg8 16. Rxd8 Rxd8 17. Rd1 Rxd1+ 18. Nxd1 Ne4 19. Ne3 Qd6 20. h4 Nd4 21. Ng4 h5 22. Ne3 $1 Bc6 23. Nxd4 cxd4 24. Bxe4 Bxe4 25. Nf1 e5 26. b4 Bb7 {And now ...Qc6 would win.} 27. f3 e4 28. fxe4 Bxe4 29. Kf2 Qe5 30. Nd2 Bf5 {Strongly threatening ...Qe3+.} 31. Qb3 $2 {[#]} (31. Nf3 $11 {and White is okay.} Qe3+ 32. Ke1) 31... d3 $1 $36 {[%mdl 2560] Black is really pushing.} 32. e3 $2 (32. exd3 {might work better.} Qd4+ 33. Kg2) 32... Qa1 33. Nb1 Qf6 34. Nd2 $2 {[#]} (34. Qc3 Qc6 35. Nd2) 34... Qa1 (34... b5 $142 $1 {[%mdl 512]} 35. Ke1 (35. cxb5 Be6+) 35... Qe5) 35. Nb1 $1 {[#]} Be4 (35... g5 $142 $1 {[%mdl 512]} 36. hxg5 {[#]} h4 $1 {[%mdl 512]} 37. gxh4 Qe5) 36. a3 $2 (36. Nd2 Qf6+ 37. Kg1) 36... Qf6+ {Precision: White = 38%, Black = 69%.} 0-1

[Event "Budapest Spring Festival 2018"]
[Site "Budapest"]
[Date "2018.04.25"]
[Round "8"]
[White "Toma, Katarzyna"]
[Black "Gavrilescu, David"]
[Result "0-1"]
[WhiteElo "2293"]
[BlackElo "2436"]
[Annotator "TA"]
[PlyCount "36"]
[EventDate "2018.??.??"]
[EventType "swiss"]
[EventCountry "HUN"]
[SourceTitle "playchess.com"]
[Source "ChessBase"]
[SourceQuality "1"]

{[%evp 13,36,0,7,-10,14,-10,1,-40,-28,-27,-31,-137,-131,-161,-161,-293,-300,-306,-290,-293,-297,-353,-348,-1030,-1022]} 1. e4 e6 2. d4 d5 3. Nc3 Nf6 4. Bg5 dxe4 5. Nxe4 Be7 6. Bxf6 gxf6 7. Qd3 Nc6 {LiveBook: 16 Games. C13: French: Classical System: 4 Bg5 Be7, Alekhine-Chatard Attack} 8. c3 Qd5 9. Nf3 $146 ({Predecessor:} 9. Qf3 f5 10. Nd2 Qxf3 11. Ngxf3 Bf6 12. O-O-O Ne7 13. Nc4 b6 14. Nce5 Bb7 15. Bb5+ {0-1 (69) Baklan,V (2625)-Drozdovskij,Y (2587) Poltava 2008}) 9... b6 {The position is equal.} 10. b4 Bb7 {...Nxb4! is the strong threat.} 11. Ned2 $1 O-O-O 12. Qe3 {[#]} ({Better is} 12. Be2 $15) 12... e5 $1 $36 {[%cal Re5d4][%mdl 2048] Black is really pushing.} 13. Bc4 exd4 14. Nxd4 (14. cxd4 {only move.} Qd7 15. Bxf7 Nxd4 16. O-O Bxb4 17. Qxd4 Qxd4 18. Nxd4 Rxd4 19. Nb3) 14... Qxg2 $19 ({Worse is} 14... Nxd4 15. Bxd5 Nc2+ 16. Ke2 $11) 15. O-O-O {[#] Hoping for Rdg1.} Nxd4 $1 16. Qxe7 Qh3 ({Not} 16... Qxf2 17. Rhf1 $14) 17. f3 Nxf3 18. Qxf7 $2 (18. Nxf3 Qxf3 19. Kc2) 18... Qh6 0-1